Che ora è /

Đã lưu trong:
Chi tiết về thư mục
Tác giả chính: Trovajoli, Armando (Nhà soạn nhạc)
Tác giả khác: Troisi, Massimo (Diễn viên), Scola, Ettore (Giám đốc), Ravaglioli, Beatrice (Người viết kịch bản), Scola, Silvia (Người viết kịch bản), Pescucci, Gabriella, Mastroianni, Marcello (Diễn viên), Parillaud, Anne (Diễn viên), Ricceri, Luciano
Định dạng: Slide
Ngôn ngữ:Tiếng Italy
Được phát hành: [Roma] : L'Unità, [1997?]
Các nhãn: Thêm thẻ
Không có thẻ, Là người đầu tiên thẻ bản ghi này!

MARC

LEADER 00000ngm a22000007i 4500
001 IT\ICCU\RAV\0289635
003 ItRI
005 20260124182809.0
008 970311s1997 it |||||||||||||||k|||||c
040 |b ita 
041 7 |a ita  |2 ISO-639-2 
130 0 |a Che ora è <film ; 1989>  |3 IT\ICCU\RAV\1086682 
245 0 0 |a Che ora è /  |c un film diretto da Ettore Scola ; sceneggiatura di Ettore Scola, Beatrice Ravaglioli e Silvia Scola ; musica composta, orchestrata e diretta da Armando Trovaioli ; scenografia e arredamento Luciano Ricceri ; costumi Gabriella Pescucci. 
246 1 3 |a Che ora è <videoregistrazione>  |9 IT\ICCU\MOD\0903042 
260 |a [Roma] :  |b L'Unità,  |c [1997?] 
300 |a 1 videocassetta (VHS) (ca. 95 min.) :  |b color., son 
500 |a Tit. del contenitore 
500 |a Film del 1989, Italia / Francia; interpreti: Marcello Mastroianni, Massimo Troisi, Anne Parillaud 
500 |a In copertina: Marcello Mastroianni 
500 |a Suppl. a: L'Unità. 
500 |a Sceneggiatore  |0 IT\ICCU\CFIV\059523 
700 1 |a Troisi, Massimo  |0 IT\ICCU\CFIV\043322  |4 act 
700 1 |a Scola, Ettore  |0 IT\ICCU\CFIV\059523  |4 drt 
700 1 |a Ravaglioli, Beatrice  |0 IT\ICCU\CFIV\116821  |4 sce 
700 1 |a Scola, Silvia  |0 IT\ICCU\CFIV\116822  |4 sce 
700 1 |a Pescucci, Gabriella  |0 IT\ICCU\LO1V\131235 
700 1 |a Mastroianni, Marcello  |0 IT\ICCU\RAVV\088390  |4 act 
700 1 |a Parillaud, Anne  |0 IT\ICCU\RAVV\099553  |4 act 
700 1 |a Trovajoli, Armando  |0 IT\ICCU\RMLV\039151  |4 cmp 
700 1 |a Ricceri, Luciano  |0 IT\ICCU\TO0V\063744 
790 1 |a Vatro, Roman  |3 IT\ICCU\CFIV\207827  |z Trovajoli, Armando 
790 1 |a Trovaioli, Armando  |3 IT\ICCU\CFIV\213409  |z Trovajoli, Armando 
790 1 |a Travaioli, Armando  |3 IT\ICCU\SBNV\034025  |z Trovajoli, Armando 
790 1 |a Berman, Francis  |3 IT\ICCU\SBNV\056251  |z Trovajoli, Armando 
942 |2 ddc  |c VM  |n 0 
952 |0 0  |1 0  |4 0  |6 VO_893_000000000000000  |7 0  |9 26429  |a BO  |b BO  |d 2026-01-24  |i 7856  |l 0  |o VO 893  |p BO7856  |r 2026-01-24 18:28:09  |w 2026-01-24  |x [Sebina 5] [1 videocassetta]  |y VM  |z 1 videocassetta 
999 |c 22339  |d 22339